Responses for show #8112 - Tuesday, December 10, 2019

Jennifer Quail game 5.

Contestants

[<< previous game]

Shane Mangin, a strategy consultant from New York, New York

Ben Chung, a heart failure cardiologist from Chicago, Illinois

Jennifer Quail, a wine tasting consultant from Dowagiac, Michigan (whose 4-day cash winnings total $123,300)

[next game >>]

Jeopardy! Round responses

WORLD CAPITAL ATTRACTIONS
PINK-POURRI
CELEBRITY SUPERFANS
AMERICAN HISTORY
21st CENTURY COMPANIES
SPEAK TO ME OF FRUITS & VEGETABLES
    $200 11
Dublin

Ben
    $200 18
Pink Floyd

Shane
    $200 24
Tolkien

Shane
    $200 1
Puerto Rico

Jennifer
    $200 28
Mars

Jennifer
    $200 6
(Ben: What are storms?)

a fog

JenniferBen
    $400 13
Buenos Aires

Ben
    $400 26
(Alex: Less than a minute.)

margarine

Ben
    $400 23
the Chiefs

Ben
    $400 2
(Jennifer: What is... Montreal?)

Yorktown

JenniferShane
    $400 25
Uber

Jennifer
    $400 7
a raspberry

Jennifer
    $600 14
Amsterdam

Jennifer
    $600 27
a pink lady

Jennifer
    $600 17
the Kardashians

Jennifer
    $600 3
(Ben: Who is... Madison?)

(John) Quincy Adams

JenniferBen
    $600 21
Airbnb

Ben
    $600 8
cherry pick

Jennifer
    $800 12
Moscow

Jennifer
    $800 29
a pink slip

Jennifer
    $800 16
Spike Lee

Ben
    $800 4
North & South Dakota

Jennifer
    $800 19
Tinder

Shane
    $800 9
Adam's apple

Jennifer
    $1000 15
Cairo

Ben
    $1000 30
the iris

Shane
    $1000 22
Grateful Dead

Ben
    $1,000 5
Mother Jones

Jennifer
    $1000 20
(Ben: What is The Pirate Bay?)

Spotify

BenShane
    $1000 10
the turnip truck

Jennifer

Scores at the first commercial break (after clue 15):

Jennifer Ben Shane
$6,600 $800 $400

Scores at the end of the Jeopardy! Round:

Jennifer Ben Shane
$9,200 $3,000 $3,600

Double Jeopardy! Round responses

SHARK-UTERIE
DOUBLE DOUBLE O
OCCUPATIONALLY NAMED AUTHORS
BEHIND THE MUSIC
AWARDS & HONORS
ALL FALL DOWN
    $400 3
a great white

Jennifer
    $400 30
Voodoo

Jennifer
    $400 6
(Arthur) Miller

Shane
    $400 21
"Bohemian Rhapsody"

Ben
    $400 9
a Webby

Jennifer
    $400 19
Venice

Ben
    $800 4
a hammerhead

Shane
    $800 29
toodle-oo

Jennifer
    $4,000 7
(Beatrix) Potter

Shane
    $800 20
"I Will Survive"

Ben
    $800 14
the Hasty Pudding

Ben
    $800 25
(Ben: What are telephone lines?)

the telegraph

JenniferBen
    $1200 11
cookie cutter

Ben
    $1200 23
poolroom

Ben
    $1200 8
(Erle Stanley) Gardner

Jennifer
    $1200 2
"God Bless America"

Jennifer
    $1200 16
the Pritzker Prize

Triple Stumper
    $1200 26
Paris

Jennifer
    $1600 12
electricity

Ben
    $1600 22
foolproof

Ben
    $1600 5
(Eleanor) Porter

Jennifer
    $1600 1
"Rhapsody In Blue"

Ben
    $6,000 17
(Ben: [Sighs])
(Alex: Ben?)

Amnesty International

Ben
    $1600 27
sequoia

Shane
    $2000 15
the megalodon

Ben
    $2000 24
boogie woogie

Jennifer
    $2000 10
(Samuel) Butler

Jennifer
    $2000 13
Tupac

Jennifer
    $2000 18
(Marcel) Duchamp

Jennifer
    $2000 28
Jericho

Ben

Scores at the end of the Double Jeopardy! Round:

Jennifer Ben Shane
$25,200 $9,800 $10,400
(lock game)

[wagering suggestions for these scores]

Final Jeopardy! Round responses

OSCAR-WINNING FILMS
BenWhat is Patton?
$9,800
ShaneWhat is a bridge on the river kwai?
$9,200
JenniferWhat is Patton
$1,000
Patton

Final scores:

Jennifer Ben Shane
$26,200 $19,600 $1,200
5-day champion: $149,500 2nd place: $2,000 3rd place: $1,000

Game dynamics:

Coryat scores:

Jennifer Ben Shane
$25,200 $15,800 $7,200
29 R
(including 1 DD),
1 W
19 R,
5 W
(including 1 DD)
10 R
(including 1 DD),
0 W

Combined Coryat: $48,200

The J! Archive is created by fans, for fans. The Jeopardy! game show and all elements thereof, including but not limited to copyright and trademark thereto, are the property of Jeopardy Productions, Inc. and are protected under law. This website is not affiliated with, sponsored by, or operated by Jeopardy Productions, Inc. Join the discussion at JBoard.tv.